[Event "Kitchener Oktoberfest"]
[Site "Kitchener"]
[Date "2010.10.16"]
[Round "3"]
[White "Grigorescu, Laurentiu"]
[Black "Humphreys, Michael"]
[Result "0-1"]
[WhiteElo "2076"]
[BlackElo "2240"]
[PlyCount "100"]
[EventDate "2010.10.15"]
[EventType "swiss"]
[EventRounds "5"]
[EventCountry "CAN"]
[SourceTitle "EXT 2022"]
[Source "ChessBase"]
[SourceDate "2021.10.06"]
[SourceVersion "1"]
[SourceVersionDate "2021.10.06"]
[SourceQuality "1"]

1. d4 Nf6 2. c4 e6 3. Nc3 Bb4 4. e3 b6 5. a3 Bxc3+ 6. bxc3 0-0 7. a4 c5 8. Bd3 Bb7 9. f3 Nc6 10. Ne2 Na5 11. Ng3 Rc8 12. e4 cxd4 13. e5 Ne8 14. cxd4 Nxc4 15. Qe2 Qh4 16. f4 Bd5 17. 0-0 f5 18. Rb1 Qe7 19. Rf2 Na5 20. Qb2 Nb3 21. Rc2 Rxc2 22. Bxc2 Nxc1 23. Rxc1 Bc6 24. Nf1 Nc7 25. Ne3 Nd5 26. Nxd5 Bxd5 27. Bd3 Bc6 28. Bb5 Rc8 29. Rc4 Qd8 30. Qc3 Bb7 31. Rxc8 Qxc8 32. Qxc8+ Bxc8 33. Kf2 Kf7 34. Ke3 Ke7 35. d5 exd5 36. Kd4 Ke6 37. Bd3 g6 38. Be2 Bb7 39. g4 Bc6 40. Bd1 d6 41. exd6 Kxd6 42. gxf5 gxf5 43. h4 h6 44. Bc2 a5 45. Bb3 b5 46. axb5 Bxb5 47. Bxd5 Bd7 48. Bb7 Be6 49. Kc3 Kc5 50. Ba8 Bd5 0-1

[Event "Kitchener Oktoberfest"]
[Site "Kitchener"]
[Date "2010.10.15"]
[Round "1"]
[White "Grigorescu, Laurentiu"]
[Black "Zoccano, John"]
[Result "1-0"]
[WhiteElo "2076"]
[BlackElo "1915"]
[PlyCount "87"]
[EventDate "2010.10.15"]
[EventType "swiss"]
[EventRounds "5"]
[EventCountry "CAN"]
[SourceTitle "EXT 2022"]
[Source "ChessBase"]
[SourceDate "2021.10.06"]
[SourceVersion "1"]
[SourceVersionDate "2021.10.06"]
[SourceQuality "1"]

1. d4 d5 2. c4 c6 3. Nf3 Nf6 4. Qb3 e6 5. Bf4 Bd6 6. Bxd6 Qxd6 7. Nc3 Nbd7 8. cxd5 exd5 9. e3 0-0 10. Bd3 Re8 11. Qc2 h6 12. 0-0 Nf8 13. Ne5 Be6 14. Ne2 N6d7 15. Nxd7 Nxd7 16. Ng3 Nf6 17. Rac1 Rad8 18. Qa4 a6 19. b4 Ra8 20. Qb3 Qd7 21. f3 h5 22. Qc2 h4 23. Nh1 Qd6 24. Qc5 Rad8 25. a4 Bc8 26. Qxd6 Rxd6 27. Rfe1 Rde6 28. Kf2 R6e7 29. Rc3 Bd7 30. a5 g5 31. Bc2 Kg7 32. Ke2 Nh5 33. Kd2 Nf4 34. Rg1 Nh5 35. Nf2 Nf6 36. g4 Nh7 37. e4 Be6 38. e5 Bc8 39. Nh3 Kh6 40. Bxh7 Kxh7 41. Nxg5+ Kh6 42. f4 f6 43. Nf3 fxe5 44. Nxh4 1-0

[Event "Kitchener Oktoberfest U2000"]
[Site "Kitchener"]
[Date "2009.10.17"]
[Round "3"]
[White "Grigorescu, Laurentiu"]
[Black "Moran Venegas, Mario"]
[Result "1-0"]
[WhiteElo "1935"]
[BlackElo "1656"]
[PlyCount "53"]
[EventDate "2009.10.16"]
[EventType "swiss"]
[EventRounds "5"]
[EventCountry "CAN"]
[SourceTitle "EXT 2011"]
[Source "ChessBase"]
[SourceDate "2010.11.26"]
[SourceVersion "1"]
[SourceVersionDate "2010.11.26"]
[SourceQuality "1"]

1. d4 Nf6 2. c4 g6 3. Nc3 d5 4. Bg5 Ne4 5. Nf3 Nxg5 6. Nxg5 c6 7. e3 Bg7 8. cxd5 cxd5 9. Qf3 0-0 10. Qxd5 Nd7 11. h4 e6 12. Qf3 Nf6 13. Bd3 a6 14. 0-0-0 Nd5 15. Nxd5 exd5 16. Qg3 h5 17. Kb1 Qb6 18. Rc1 Be6 19. Rc7 Rac8 20. Rhc1 Rxc7 21. Rxc7 Bc8 22. Nxf7 Bg4 23. Ng5 Rxf2 24. Rxg7+ Kxg7 25. Qxf2 Qc7 26. Qf4 Qd7 27. Qe5+ 1-0